Statistics for General Knowledge Quiz #107

Click here to take the quiz!

General Stats

  • This quiz has been taken 69,023 times
    (40,494 since last reset)
  • The average score is 11 of 20

Answer Stats

QuestionAnswer% Correct
What does the German word "Danke" mean in English?Thank You
90%
On what island did the term "Mafia" originate?Sicily
84%
What age came after the Bronze Age?Iron Age
78%
Capellini and pappardelle are types of what?Pasta
78%
What is NaCl commonly known as?Salt
77%
Which one of the Great Lakes shares its name with a Canadian province?Ontario
71%
What is the missing word in the French phrases "___ d'etat" and "___ de grace"?Coup
64%
In which Dutch city would you find the International Court of Justice?The Hague
63%
What genre of music was played by Robert Johnson and Muddy Waters?Blues
51%
What is the second most populous U.S. territory after Puerto Rico?Guam
51%
What country is made up mostly of Jutland and Zealand?Denmark
49%
What British comedian partnered with Stephen Fry before starring as Dr. House?Hugh Laurie
45%
What is the name of the geographical line that runs through the
Royal Observatory in Greenwich, London?
Prime Meridian
42%
What word can refer either to trash or a type of Chinese ship?Junk
37%
In terms for waves, what is the opposite of crest?Trough
34%
Which Asian country has a name ending in H?Bangladesh
31%
Who is the leader of the Decepticons (usually)?Megatron
30%
What did James Naismith invent in 1891?Basketball
28%
What war of the 1600s pitted Cavaliers against Roundheads?{English} {Civil} War
27%
Who did Ringo Starr replace as drummer for The Beatles?Pete Best
21%

Score Distribution

Percentile by Number Answered

Percent of People with Each Score

Your Score History

You have not taken this quiz since the last reset